00971nam a2200205Ia 4500008004100000020001500041041001200056082001600068100001800084245006400102260002500166300000800191650001600199700001600215942000700231999001500238952017100253952017100424952017000595221030s9999 xx 000 0 und d a0074622358 aEnglish a105.23bMal aA. P. Malvino 0aDigital Computer Electronicscby A. P. Malvino, A. J. Brown bTMHaNew Delhic1999 a522 aBE Computer aA. J. Brown cBK c1142d1142 pBE 3708g230.00l0o105.23 Malr2024-06-13 00:00:00w2022-10-30yBK003Print4070aMIETLIBbMIETLIBcBL-Academic Block C, FL-2, CUP-93, SH-2, R-2d2001-04-0910HBE pBE 3709g230.00l0o105.23 Malr2024-06-13 00:00:00w2022-10-30yBK003Print4070aMIETLIBbMIETLIBcBL-Academic Block C, FL-2, CUP-93, SH-2, R-2d2001-04-0910HBE pBE 742g230.00l0o105.23 Malr2024-06-13 00:00:00w2022-10-30yBK003Print4070aMIETLIBbMIETLIBcBL-Academic Block C, FL-2, CUP-93, SH-2, R-2d1999-12-1110HBE